Nommez un film valide - Steven Spielberg - Statistiques

Statistiques générales
  • Ce quiz a été pris 80 fois
  • Le résultat moyen est 11 sur 17
Statistiques - réponses
Nommez un film réalisé par Steven Spielberg... Réponses possibles % Correct
sorti avant 1980 Duel / La Chose / Chantage à Washington / Firelight / Sugarland Express / Les Dents de la Mer / Rencontres du troisième type / 1941
89%
avec un ou des aliens Rencontres du troisième type / E.T. l'extra-terrestre / La Guerre des mondes / Indiana Jones et le Royaume du crâne de cristal
83%
qui dure 2h30 ou plus La Liste de Schindler / Il faut sauver le soldat Ryan / Munich / West Side Story / Amistad / La Couleur Pourpre / Empire du soleil / The Fabelmans / Lincoln
81%
sorti après 2015 Le Bon Gros Géant / Pentagon Papers / Ready Player One / West Side Story / The Fabelmans
81%
avec Tom Hanks dans un rôle principal Il faut sauver le soldat Ryan / Arrête-moi si tu peux / Le Terminal / Le Pont des espions / Pentagon Papers
80%
pour lequel il remporte l'oscar du meilleur réalisateur La Liste de Schindler / Il faut sauver le soldat Ryan
80%
basé sur une histoire vraie The Terminal / La Liste de Schindler / Amistad / Arrête-moi si tu peux / Munich / Lincoln / Le Pont des espions / Pentagon Papers / Empire du Soleil / The Fabelmans
80%
qui a rapporté plus de $600,000,000au box-office mondial Jurassic Park / La Guerre des Mondes / Le Monde Perdu : Jurassic Park / Indiana Jones et le royaume du crâne de cristal / E.T. l'extra-terrestre
77%
qui a donné lieu a des suites Jurassic Park / Les Aventuriers de l'arche perdue / Les Dents de la mer
77%
dont le titre français est inchangé du titre original Duel / 1941 / Always / Amistad / Minority Report / Munich / Lincoln / Ready Player One / West Side Story / The Fabelmans
73%
dont le compositeur de la musique n'est PAS John Williams Duel / La Chose / Chantage à Washington / West Side Story / Ready Player One / Le Pont des espions / La Couleur Pourpre
64%
dont l'intrigue tourne autour d'un animal Les dents de la mer / Cheval de guerre
60%
qui dure 1h30 ou moins Duel / Chantage à Washington / La Chose
54%
qui ait utilisé de la motion capture pour un personnage principal Les Aventures de Tintin : Le Secret de La Licorne / Le Bon Gros Géant
51%
dont l'intrigue se déroule principalement ou partiellement en Asie Empire du soleil / Indiana Jones et le Royaume du crâne de cristal / Indiana Jones et le Temple maudit
49%
dont il a aussi été le scénariste Rencontres du troisième type / A.I. Intelligence artificielle / The Fabelmans
37%
parmi les deux qui ne correspondaient à aucune des catégories précédentes Indiana Jones et la Dernière Croisade / Hook ou la Revanche du capitaine Crochet
10%
Aucun quiz correspondant
Distribution des résultats
% des personnes avec chaque résultat
Percentile par nombre de réponses
Votre historique - résultats
Vous n’avez pas pris ce quiz